Intimate partner violence and witness intervention What are the deciding factors?

Bibliographic Details
Format: eBook
Language:English
Published: Bruselas: European Union Publications Office, 2020
Subjects:
Online Access:Acceso restringido

MARC

LEADER 00000nam a22000007a 4500
005 20210826122551.0
007 cr|||| ||||
008 210826s2020 eu |||||s|||| 00||0 eng d
020 |a 978-92-9482-616-9 
035 |a 34367 
040 |a vLex 
090 |c 12141  |d 12141 
245 0 0 |a Intimate partner violence and witness intervention  |h [Recurso electrn̤ico] :  |b What are the deciding factors? 
256 |a Servicio en ln̕ea 
260 |a Bruselas:  |b European Union Publications Office,  |c 2020 
300 |a 1 recurso electrn̤ico 
500 |a Women face the greatest danger from people they know. In the EU, more than a fifth of women have been physically or sexually abused by a current or former partner. This report provides new evidence on factors which encourage witnesses of intimate partner violence to intervene and provides recommendations on what the EU and Member States can do to better protect victims. 
506 1 |a Disponible solo en los productos indicados  |d vLex Global  |d vLex Global (Academic Edition, excluding Law Schools)  |d vLex Global (U.S. Academic Edition, Law Schools)  |d vLex Global (U.S. Academic Edition, excluding Law Schools)  |d vLex Global (Academic Edition, Law Schools) 
650 0 4 |a Ciencias sociales  |z Unin̤ Europea 
740 0 |a vLex Libros (Servicio en ln̕ea) 
856 4 0 |u https://app.vlex.com/#/sources/34367  |z Acceso restringido 
942 |c BOOK 
999 0 |a Social Sciences